ბათუმის შოთა რუსთაველის სახელმწიფო უნივერსიტეტის ბიბლიოთეკა

Методическое руководство к учебнику-хрестоматий "Родная литература (ბიბ.ჩანაწერი № 34974)

000 -LEADER
fixed length control field 00672nam a2200229Ia 4500
001 - CONTROL NUMBER
control field 809
003 - CONTROL NUMBER IDENTIFIER
control field GE_BSU
008 - FIXED-LENGTH DATA ELEMENTS--GENERAL INFORMATION
fixed length control field 181216s||||||||xx |||||||||||||| ||und||
040 ## - CATALOGING SOURCE
Transcribing agency GE_BSU
080 ## - UNIVERSAL DECIMAL CLASSIFICATION NUMBER
Universal Decimal Classification number 821.161.1(072)
100 ## - MAIN ENTRY--PERSONAL NAME
Personal name Буленький, Г.И.
245 ## - TITLE STATEMENT
Title Методическое руководство к учебнику-хрестоматий "Родная литература
245 ## - TITLE STATEMENT
Remainder of title Для 7 класса
250 ## - EDITION STATEMENT
Edition statement 4-е перер.
260 ## - PUBLICATION, DISTRIBUTION, ETC.
Place of publication, distribution, etc. Москва
260 ## - PUBLICATION, DISTRIBUTION, ETC.
Name of publisher, distributor, etc. Просвещение
260 ## - PUBLICATION, DISTRIBUTION, ETC.
Date of publication, distribution, etc. 1978
300 ## - PHYSICAL DESCRIPTION
Extent 256 л.
653 ## - INDEX TERM--UNCONTROLLED
Uncontrolled term Методическое руководство
942 ## - ADDED ENTRY ELEMENTS (KOHA)
Koha item type წიგნი
ეგზემპლარები
Withdrawn status Lost status Damaged status Not for loan Date acquired Barcode Date last seen Price effective from Koha item type
        2018-12-17 1702 2018-12-17 2018-12-17 წიგნი